000 00466cam a2200181ua 4500
001 10559
008 190316n ii |||gr||||Z||||||eng
020 _a9788190974219
040 _cMAIN
082 _a323.4
100 _aJagmohan Mishra,
_eAuthor.
245 _aHuman rights violation
_bcontemporary concerns & remedies
250 _a1st ed.
260 _aNew Delhi:
_bForward books,
_c2011.
300 _a272p.
653 _aCivil & political rights
942 _cBK
999 _c9532
_d9532